Semiconductor nanostructures for optoelectronic applications-(E-BOOK) (Record no. 191738)
[ view plain ]
| 000 -LEADER | |
|---|---|
| fixed length control field | 01251 a2200229 4500 |
| 003 - CONTROL NUMBER IDENTIFIER | |
| control field | Nust |
| 005 - DATE AND TIME OF LATEST TRANSACTION | |
| control field | 20170207154023.0 |
| 010 ## - LIBRARY OF CONGRESS CONTROL NUMBER | |
| LC control number | 2004052334 |
| 020 ## - INTERNATIONAL STANDARD BOOK NUMBER | |
| International Standard Book Number | 1580537510 (alk. paper) |
| 040 ## - CATALOGING SOURCE | |
| Transcribing agency | Nust |
| 082 00 - DEWEY DECIMAL CLASSIFICATION NUMBER | |
| Classification number | 621.3815/2 |
| 245 00 - TITLE STATEMENT | |
| Title | Semiconductor nanostructures for optoelectronic applications-(E-BOOK) |
| Statement of responsibility, etc. | Todd Steiner, editor. |
| 260 ## - PUBLICATION, DISTRIBUTION, ETC. | |
| Place of publication, distribution, etc. | Boston : |
| Name of publisher, distributor, etc. | Artech House, |
| Date of publication, distribution, etc. | 2004. |
| 300 ## - PHYSICAL DESCRIPTION | |
| Extent | ix, 424 p. : |
| Other physical details | ill. ; |
| Dimensions | 26 cm. |
| 440 #0 - SERIES STATEMENT/ADDED ENTRY--TITLE | |
| Title | Artech House semiconductor materials and devices library |
| 505 ## - FORMATTED CONTENTS NOTE | |
| Formatted contents note | Introduction (Page-1), Review of crystal, thin-film, and nanostructure growth technologies (Page-5), Quantum dot infrared photodetectors (Page-45), Quantum dot lasers : theoretical overview (Page-113), High-speed quantum dot lasers (Page-169), Zinc oxide-based nanostructures (Page-187), Antimony-based materials for electro-optics (Page-229), Growth, structures, and optical properties of III-nitride quantum dots (Page-289), Self-assembled germanium nano-islands on silicon and potential applications (Page-349), Carbon nanotube engineering and physics (Page-371). |
| 650 #0 - SUBJECT ADDED ENTRY--TOPICAL TERM | |
| Topical term or geographic name entry element | Nanostructures. |
| 650 #0 - SUBJECT ADDED ENTRY--TOPICAL TERM | |
| Topical term or geographic name entry element | Optoelectronic devices. |
| 650 #0 - SUBJECT ADDED ENTRY--TOPICAL TERM | |
| Topical term or geographic name entry element | Semiconductors |
| General subdivision | Optical properties. |
| 651 ## - SUBJECT ADDED ENTRY--GEOGRAPHIC NAME | |
| Geographic name | E-BOOK |
| 700 1# - ADDED ENTRY--PERSONAL NAME | |
| Personal name | Steiner, Todd D. |
| 942 ## - ADDED ENTRY ELEMENTS (KOHA) | |
| Source of classification or shelving scheme | |
| Koha item type | Book |
| Withdrawn status | Lost status | Source of classification or shelving scheme | Damaged status | Not for loan | Collection code | Permanent Location | Current Location | Date acquired | Total Checkouts | Full call number | Barcode | Date last seen | Price effective from | Koha item type |
|---|---|---|---|---|---|---|---|---|---|---|---|---|---|---|
| Military College of Signals (MCS) | Military College of Signals (MCS) | 12/12/2016 | 621.38152 STE | MCSEB-772 | 12/08/2016 | 12/12/2016 | Book |
